| 000 | 00725nam a2200205 i 4500 | ||
|---|---|---|---|
| 001 | 34359 | ||
| 003 | ES-MaACL | ||
| 005 | 20251108165304.0 | ||
| 007 | t| | ||
| 008 | 030204s1968 sp ||||1| spa d | ||
| 100 | 1 |
_aBlondel, Maurice, _d1861-1949 _929548 |
|
| 245 | 1 | 0 |
_aBlondel y Teilhard de Chardin / _cMaurice Blondel ; correspondencia comentada por Henri de Lubac ; [traducción de Ricardo V. Feliú]. |
| 260 |
_aZaragoza : _bHechos y Dichos, _c[1968] |
||
| 300 |
_a205 p. ; _c18 cm. |
||
| 700 | 1 |
_aLubac, Henri de, _d1896-1991 _974490 |
|
| 700 | 1 |
_aFeliú, Ricardo V. _949194 |
|
| 700 | 1 |
_aTeilhard de Chardin, Pierre, _d1881-1955 _9109521 |
|
| 852 |
_aES-MaACL _jB-8535 _bR.66364 |
||
| 999 |
_c34359 _d34359 |
||